Statistics for Chicago Red Stars Roster (NWSL, Women's Soccer)

Click here to take the quiz!

General Stats

  • This quiz has been taken 34 times
  • The average score is 14 of 27

Answer Stats

Roster NumberPlayer% Correct
9Mallory Pugh
89%
26Tierna Davidson
84%
1Alyssa Naeher
79%
8Julie Ertz
79%
13Morgan Gautrat
74%
6Casey Kruger
68%
2Kealia Watt
58%
11Sarah Gorden
58%
23Tatumn Milazzo
58%
24Danielle Colaprico
53%
21Emily Boyd
53%
33Katie Johnson
53%
10Vanessa DiBernardo
53%
3Arin Wright
47%
38Cassie Miller
47%
28Kayla Sharples
47%
5Rachel Hill
47%
29Bianca St. Georges
42%
18Ella Stevens
37%
15Makenzy Doniak
37%
7Nikki Stanton
37%
19Sarah Luebbert
37%
16Sarah Woldmoe
37%
14Zoe Morse
37%
4Alyssa Mautz
32%
32Zoey Goralski
32%
12Melissa Lowder
11%

Score Distribution

Percentile by Number Answered

Percent of People with Each Score

Your Score History

You have not taken this quiz